| 000 -LEADER |
| fixed length control field |
01182nam a22001577a 4500 |
| 008 - FIXED-LENGTH DATA ELEMENTS--GENERAL INFORMATION |
| fixed length control field |
201012b ||||| |||| 00| 0 eng d |
| 100 ## - MAIN ENTRY--PERSONAL NAME |
| Personal name |
Wettstein, Gal |
| 245 ## - TITLE STATEMENT |
| Title |
Retirement lock and prescription drug insurance: evidence from Medicare Part D |
| 260 ## - PUBLICATION, DISTRIBUTION, ETC. (IMPRINT) |
| Place of publication, distribution, etc |
American Economic Journal: Economic Policy |
| 300 ## - PHYSICAL DESCRIPTION |
| Extent |
12(1), Feb, 2020: p. 389-417 |
| 520 ## - SUMMARY, ETC. |
| Summary, etc |
I examine whether lack of an individual market for prescription drug insurance causes individuals to delay retirement. Exploiting the 2006 introduction of Medicare Part D, which subsidized drug insurance for Americans over age 65, I use a triple-differences design that compares labor outcomes of individuals with retiree health insurance up to age 65 to those with insurance for life, before and after age 65, before and after 2006. I find that those with benefits only to age 65 decreased full-time work by 8.4 percentage points, of which 70 percent was due to transitions to part-time work.- Reproduced |
| 650 ## - SUBJECT ADDED ENTRY--TOPICAL TERM |
| Topical term or geographic name as entry element |
Actuarial studies, Health, Public health, Retirement policies, Insurance companies |
| 9 (RLIN) |
18565 |
| 773 ## - HOST ITEM ENTRY |
| Main entry heading |
American Economic Journal: Economic Policy |
| 906 ## - LOCAL DATA ELEMENT F, LDF (RLIN) |
| Subject DIP |
RETIREMENT |
| 942 ## - ADDED ENTRY ELEMENTS (KOHA) |
| Item type |
Articles |